| 000 | 00860nam a2200241 a 4500 | ||
|---|---|---|---|
| 008 | |||
| 020 | _a0748353453 (pbk. ) | ||
| 049 | _aMAIN | ||
| 090 | _aHF5681 ACC | ||
| 245 | 1 | 0 |
_aACCA part 3 paper 3.6 : _bAdvanced Corporate Reporting (International) / _c[prepared by] the Chartered Association of Certified Accountants. |
| 260 |
_aLondon : _bFoulks Lynch Limited, _c2002. |
||
| 300 |
_avi, 261 p. ; _c29 cm. |
||
| 490 | _aRevision Series | ||
| 650 |
_aCorporate reporting _xadvanced. |
||
| 650 |
_aCorporate reporting _vExaminations, questions, etc. |
||
| 710 | _aChartered Association of Certified Accountants. | ||
| 740 | _aAdvanced Corporate Reporting :ACCA paper 3.6. | ||
| 907 |
_a.b10235553 _b24-04-07 _c06-03-07 |
||
| 003 | |||
| 005 | 20230123134413.0 | ||
| 040 | _cNUST | ||
| 942 |
_cBOOKS _kHF5681 ACC |
||
| 999 |
_c165316 _d165316 |
||